Os animais mais inteligentes - Statistics

Estatísticas Gerais
  • Esse quiz foi jogado 158 vezes
    155 desde o último reset
  • A pontuação média é 9 de 20
Estatísticas das Respostas
% Correto
Gato
93%
Cachorro
87%
Golfinho
83%
Elefante
74%
Baleia
72%
Papagaio cinzento africano
57%
Cavalo
56%
Chimpanzé
55%
Corvo
49%
Rato
47%
Porco
38%
Polvo
36%
Lobo
35%
Orangotango
32%
Abelha
28%
Pombo
22%
Humano
19%
Leão marinho
13%
Esquilo
11%
Bonobo
10%
Nenhum quiz correspondente encontrado
Distribuição das Pontuações
Porcentagem de Pessoas com Cada Pontuação
Percentil de Números Respondidos
Sua Pontuação Histórica
Você não jogou esse quiz desde o último reset